[Event "4NCL/Div3/SLOS2 vs. HKFC"]
[Site "Birmingham ENG"]
[Date "2006.01.15"]
[Round "6.5"]
[White "Varnam, Liam D"]
[Black "Dines, Sheila"]
[Result "1/2-1/2"]
[WhiteElo "2066"]
[BlackElo "1919"]
[PlyCount "107"]
[EventDate "2006.01.15"]
[EventType "team"]
[EventRounds "11"]
[EventCountry "ENG"]
[SourceDate "2005.10.25"]

1. e4 e5 2. Nf3 Nc6 3. Bb5 a6 4. Ba4 Nf6 5. O-O b5 6. Bb3 Be7 7. Re1 d6 8. h3
Na5 9. d4 Nxb3 10. axb3 exd4 11. Nxd4 Bd7 12. c4 O-O 13. Nc3 b4 14. Nd5 Nxd5
15. cxd5 Bf6 16. Be3 Be5 17. f4 Bf6 18. Qc2 Bxd4 19. Bxd4 Bb5 20. Qf2 c5 21.
dxc6 Bxc6 22. Rad1 Qc7 23. Bb6 Qb8 24. Rc1 Qb7 25. Rc4 a5 26. Bd4 d5 27. exd5
Bxd5 28. Rc5 Bxb3 {=} 29. Qg3 f6 30. Qxb3+ Qf7 31. Qxf7+ Rxf7 32. Ra1 Rd7 33.
Be3 Rd3 34. Kf2 a4 35. Rac1 Re8 36. Re1 a3 37. bxa3 Rxa3 38. Rb5 Re4 39. Bd2
Rd4 40. Bxb4 Rxf4+ 41. Kg1 Rb3 {=} 42. Re8+ Kf7 43. Re7+ Kg6 44. Bd6 Rxb5 45.
Bxf4 h5 46. Rc7 Rd5 47. Be3 Re5 48. Kf2 Re6 49. Bc5 Re8 50. Kg3 Ra8 51. Ba7 Rd8
{=} 52. Kh4 Rd2 {=} 53. g3 Re2 54. g4 1/2-1/2

[Event "4NCL/Div3/SLOS2 vs. HKFC"]
[Site "Birmingham ENG"]
[Date "2006.01.15"]
[Round "6.6"]
[White "Foord, Dominic"]
[Black "McCarthy, Kevin"]
[Result "1-0"]
[WhiteElo "1915"]
[BlackElo "2060"]
[PlyCount "75"]
[EventDate "2006.01.15"]
[EventType "team"]
[EventRounds "11"]
[EventCountry "ENG"]
[SourceDate "2005.10.25"]

1. e4 e6 2. d4 d5 3. exd5 exd5 4. Bd3 Bd6 5. Ne2 Nf6 6. Bf4 Bg4 7. Bxd6 Qxd6 8.
O-O Nc6 9. c3 Bh5 10. Qc2 O-O-O 11. Ng3 Bg6 12. Nf5 Bxf5 13. Bxf5+ Kb8 14. Nd2
g6 15. Bd3 Rde8 16. Rfe1 h6 17. Nf3 Qf4 18. Qd2 Qg4 19. Rxe8+ Rxe8 20. Qxh6 Nh5
21. Qg5 Qd7 22. Re1 Rxe1+ 23. Nxe1 Ne7 24. Nf3 a6 25. Ne5 Qe6 26. Qg4 f5 27.
Qg5 Ka8 28. Kf1 c5 29. Qe3 c4 30. Nxc4 Qf6 31. Ne5 g5 32. Nd7 Qg7 33. Qe5 Qxe5
34. Nxe5 Ng7 35. Ke2 Ne6 36. g3 g4 37. f3 Ng5 38. fxg4 1-0

[Event "4NCL/Div3/SLOS2 vs. HKFC"]
[Site "Birmingham ENG"]
[Date "2006.01.15"]
[Round "6.7"]
[White "Kafka, Graeme"]
[Black "Bullock, Andrew"]
[Result "1/2-1/2"]
[WhiteElo "2135"]
[BlackElo "1866"]
[PlyCount "48"]
[EventDate "2006.01.15"]
[EventType "team"]
[EventRounds "11"]
[EventCountry "ENG"]
[SourceDate "2005.10.25"]

1. e4 c5 2. Nf3 Nc6 3. d4 cxd4 4. Nxd4 g6 5. c4 Bg7 6. Nc2 Qb6 7. Nc3 Nf6 8.
Be2 O-O 9. O-O d6 10. Rb1 Be6 11. Be3 Qd8 12. f4 Qc8 13. Qe1 Na5 14. b3 b6 15.
Nd4 Bg4 16. Nd5 Nxd5 17. exd5 Bd7 18. Rc1 Re8 19. Bf3 Nb7 20. Qh4 Nd8 21. Rce1
Rb8 22. a4 a6 23. Bf2 Bf6 24. Qh6 Bg7 1/2-1/2

[Event "4NCL/Div3/SLOS2 vs. HKFC"]
[Site "Birmingham ENG"]
[Date "2006.01.15"]
[Round "6.8"]
[White "Greatorex, Roger"]
[Black "Muter, Donny"]
[Result "0-1"]
[WhiteElo "1900"]
[BlackElo "2085"]
[PlyCount "73"]
[EventDate "2006.01.15"]
[EventType "team"]
[EventRounds "11"]
[EventCountry "ENG"]
[SourceDate "2005.10.25"]

1. d4 Nf6 2. Nf3 c5 3. e3 e6 4. Bd3 b6 5. O-O Bb7 6. Nbd2 Be7 7. c3 cxd4 8.
exd4 O-O 9. Qe2 d6 10. Re1 Qc7 11. Nf1 a6 12. Ng3 h6 13. h3 Re8 14. c4 Bf8 15.
Bd2 Nbd7 16. b4 Rac8 17. Rac1 Qb8 18. Bc3 Qa8 19. a4 e5 20. dxe5 dxe5 21. Bf5
g6 22. Bxd7 Nxd7 23. Nh4 Re6 24. Bd2 a5 25. bxa5 bxa5 26. Rb1 Bc6 27. Ra1 Kh7
28. Ra2 e4 29. Be3 Be7 30. Nhf5 gxf5 31. Nxf5 Rg8 32. Qh5 Qf8 33. Nxe7 Qxe7 34.
Qf5+ Reg6 35. g3 Ne5 36. Ree2 Nf3+ 37. Kg2 0-1

[Event "4NCL/Div3/SLOS3 vs. HKF2"]
[Site "Birmingham ENG"]
[Date "2006.03.05"]
[Round "8.1"]
[White "Roberson, Peter T"]
[Black "Crouch, Colin"]
[Result "1/2-1/2"]
[WhiteElo "2135"]
[BlackElo "2365"]
[PlyCount "64"]
[EventDate "2006.03.05"]
[EventType "team"]
[EventRounds "11"]
[EventCountry "ENG"]
[SourceDate "2005.10.25"]

1. e4 c5 2. c3 g6 3. d4 cxd4 4. cxd4 Bg7 5. Nc3 d6 6. h3 Nf6 7. Bd3 e5 8. dxe5
dxe5 9. Nf3 Nc6 10. O-O O-O 11. Be3 b6 12. Bb5 Bb7 13. Qa4 Nd4 14. Nxd4 exd4
15. Bxd4 a6 16. Be2 b5 17. Qd1 Nxe4 18. Bxg7 Kxg7 19. Nxe4 Bxe4 20. Qxd8 Raxd8
21. Rfd1 Rxd1+ 22. Rxd1 Rc8 23. Rd2 Rc1+ 24. Kh2 Kf6 25. Kg3 Ke5 26. a4 bxa4
27. Bxa6 f5 28. f4+ Ke6 29. Kf2 h6 30. Bb5 Bc6 31. Bxc6 Rxc6 32. Rd4 Rc2+
1/2-1/2

[Event "4NCL/Div3/SLOS3 vs. HKF2"]
[Site "Birmingham ENG"]
[Date "2006.03.05"]
[Round "8.2"]
[White "Lindner, Daniel"]
[Black "Duggan, Michael"]
[Result "1-0"]
[WhiteElo "2259"]
[BlackElo "2085"]
[PlyCount "57"]
[EventDate "2006.03.05"]
[EventType "team"]
[EventRounds "11"]
[EventCountry "ENG"]
[SourceDate "2005.10.25"]

1. e4 c5 2. b3 Nf6 3. e5 Nd5 4. c4 Nb6 5. Bb2 Nc6 6. Nf3 d5 7. exd6 exd6 8. d4
Bf5 9. Be2 Qc7 10. O-O f6 11. Nc3 Be7 12. d5 Ne5 13. Nxe5 fxe5 14. f4 exf4 15.
Bh5+ Kd7 16. Bg4 Rhf8 17. Bxf5+ Rxf5 18. Qg4 Raf8 19. Rxf4 g6 20. Raf1 h5 21.
Qh3 Qd8 22. Rxf5 gxf5 23. Rxf5 Kc7 24. Qxh5 Kb8 25. Ne4 Nd7 26. Bc3 Re8 27. Rf7
b5 28. cxb5 Qb6 29. Rf2 1-0

[Event "4NCL/Div3/SLOS3 vs. HKF2"]
[Site "Birmingham ENG"]
[Date "2006.03.05"]
[Round "8.3"]
[White "McGowan, Daniel"]
[Black "Broomfield, Matthew"]
[Result "1/2-1/2"]
[WhiteElo "2126"]
[BlackElo "2303"]
[PlyCount "76"]
[EventDate "2006.03.05"]
[EventType "team"]
[EventRounds "11"]
[EventCountry "ENG"]
[SourceDate "2005.10.25"]

1. e4 e6 2. d4 d5 3. Nd2 Be7 4. Bd3 c5 5. dxc5 Nf6 6. Ngf3 dxe4 7. Nxe4 Nxe4 8.
Bxe4 Qxd1+ 9. Kxd1 Bxc5 10. Ke2 Nd7 11. Be3 Bxe3 12. Kxe3 Nc5 13. Rad1 Nxe4 14.
Kxe4 f6 15. Nd4 Bd7 16. f3 Ke7 17. Rd2 Rhd8 18. Rhd1 Rac8 19. Ke3 a6 20. Nb3
Rc7 21. c3 Rdc8 22. Nd4 e5 23. Nb3 Be6 24. Rd6 Rc6 25. Rxc6 Rxc6 26. Nc1 a5 27.
a3 Bc4 28. Rd2 Rc8 29. Ne2 b5 30. Ng3 Rc6 31. Nf5+ Kf7 32. f4 g6 33. Ng3 exf4+
34. Kxf4 Ke7 35. Ne2 Bxe2 36. Rxe2+ Kd6 37. Ke4 Rc4+ 38. Kd3 Rf4 1/2-1/2

[Event "4NCL/Div3/SLOS3 vs. HKF2"]
[Site "Birmingham ENG"]
[Date "2006.03.05"]
[Round "8.4"]
[White "Chipanga, Takaedza"]
[Black "Muter, Donny"]
[Result "0-1"]
[WhiteElo "2223"]
[BlackElo "2082"]
[PlyCount "146"]
[EventDate "2006.03.05"]
[EventType "team"]
[EventRounds "11"]
[EventCountry "ENG"]
[SourceDate "2005.10.25"]

1. d4 d6 2. c4 e5 3. Nc3 Nd7 4. Nf3 c6 5. e4 Be7 6. Be2 Ngf6 7. O-O O-O 8. Qc2
a6 9. Rd1 Qc7 10. Bg5 Re8 11. Rac1 Nf8 12. h3 N6d7 13. Be3 Ne6 14. d5 Nef8 15.
b4 c5 16. a3 Qb8 17. Rb1 cxb4 18. axb4 a5 19. Nb5 axb4 20. Rxb4 Nc5 21. Rdb1 g6
22. g4 Nfd7 23. Nd2 Na6 24. R4b2 Ndc5 25. Kh2 Bd7 26. Nf1 Qd8 27. Ng3 Bxb5 28.
cxb5 Nb8 29. b6 Nbd7 30. Bb5 Rc8 31. Qd2 Bh4 32. f3 Kh8 33. Nf1 Rg8 34. Be2 Ra8
35. Bb5 Rc8 36. Bxd7 Qxd7 37. Rc1 Na6 38. Rbc2 Be7 39. Ng3 Rxc2 40. Rxc2 Rc8
41. Qc1 Rxc2+ 42. Qxc2 Qd8 43. Qc3 Kg8 44. Ne2 Nc5 45. Bxc5 dxc5 46. Kg2 Qd6
47. Qa5 Bd8 48. Qb5 Bxb6 49. Qe8+ Kg7 50. Nc3 c4 51. g5 Bd4 52. Nb5 Qb4 53.
Nxd4 Qd2+ 54. Kf1 Qxd4 55. Qe7 Qd1+ 56. Kf2 Qd2+ 57. Kf1 Qf4 58. d6 c3 59. d7
c2 60. Qf6+ Qxf6 61. gxf6+ Kh6 62. d8=Q c1=Q+ 63. Kg2 Kg5 64. Qe7 Kf4 65. Qd7
h5 66. Qxf7 Qc2+ 67. Kg1 Qd1+ 68. Kh2 Qe2+ 69. Kg1 Qe1+ 70. Kg2 Qg3+ 71. Kf1
Qxf3+ 72. Kg1 Qe3+ 73. Kf1 Kf3 0-1

[Event "4NCL/Div3/SLOS3 vs. HKF2"]
[Site "Birmingham ENG"]
[Date "2006.03.05"]
[Round "8.5"]
[White "Purton, Ben J"]
[Black "Burrows, Martin P"]
[Result "0-1"]
[WhiteElo "2107"]
[BlackElo "2200"]
[PlyCount "86"]
[EventDate "2006.03.05"]
[EventType "team"]
[EventRounds "11"]
[EventCountry "ENG"]
[SourceDate "2005.10.25"]

1. Nf3 Nf6 2. d4 g6 3. c4 Bg7 4. Nc3 O-O 5. e4 d6 6. Be2 e5 7. O-O Nc6 8. d5
Ne7 9. Ne1 Nd7 10. Nd3 f5 11. f3 f4 12. Bd2 g5 13. b4 Nf6 14. c5 h5 15. Nf2 Rf7
16. Rc1 Bf8 17. Na4 {=} Rg7 18. h3 Kh8 19. Rc3 Neg8 20. Qc2 Nh6 21. cxd6 cxd6
22. Rc1 Bd7 23. Kf1 g4 24. fxg4 hxg4 25. hxg4 Nhxg4 26. Nb2 Nxf2 27. Kxf2 Qb6+
28. Kf1 Rh7 29. Bf3 Ng4 30. Ke2 Bb5+ 31. Nc4 Ne3 32. Qd3 Nxc4 33. Rxc4 Rc8 34.
a4 Bxc4 35. Rxc4 Rxc4 36. Qxc4 Rc7 37. Qd3 Be7 38. Bg4 {=} Bh4 39. Qf3 Qa6+ 40.
Qd3 Qxa4 41. Be6 Qe8 42. Qh3 Qb5+ 43. Kf3 Qd3+ 0-1

[Event "4NCL/Div3/SLOS3 vs. HKF2"]
[Site "Birmingham ENG"]
[Date "2006.03.05"]
[Round "8.6"]
[White "Buckley, Melanie"]
[Black "Foster, James J"]
[Result "1/2-1/2"]
[WhiteElo "2145"]
[BlackElo "2068"]
[PlyCount "26"]
[EventDate "2006.03.05"]
[EventType "team"]
[EventRounds "11"]
[EventCountry "ENG"]
[SourceDate "2005.10.25"]

1. e4 e6 2. d4 d5 3. Nd2 dxe4 4. Nxe4 Be7 5. Bd3 Bd7 6. Nf3 Nf6 7. O-O Nxe4 8.
Bxe4 Bc6 9. Qe2 Bf6 10. c3 O-O 11. Bf4 Bxe4 12. Qxe4 c6 13. Ne5 Qd5 1/2-1/2

[Event "4NCL/Div3/SLOS3 vs. HKF2"]
[Site "Birmingham ENG"]
[Date "2006.03.05"]
[Round "8.7"]
[White "Coddington, Oliver"]
[Black "Crombleholme, Alan K"]
[Result "0-1"]
[WhiteElo "2070"]
[BlackElo "2104"]
[PlyCount "74"]
[EventDate "2006.03.05"]
[EventType "team"]
[EventRounds "11"]
[EventCountry "ENG"]
[SourceDate "2005.10.25"]

1. d4 d5 2. Nf3 Nf6 3. g3 e6 4. Bg2 Be7 5. O-O O-O 6. Ne5 c5 7. e3 Qc7 8. f4
Nbd7 9. Nd2 b6 10. g4 Bb7 11. g5 Ne4 12. Rf3 Nxe5 13. fxe5 Nxg5 14. Rg3 f5 15.
c3 Rf7 16. Qh5 Ne4 17. Nxe4 dxe4 18. Qh6 Qd7 19. Bh3 Bf8 20. Bd2 Re8 21. Rf1
Qb5 22. Bc1 Qe2 23. Qf4 Bd5 24. b3 c4 25. Rf2 Qe1+ 26. Rf1 Qxc3 27. Kh1 cxb3
28. axb3 Qxb3 29. Rfg1 Rc8 30. Bg2 a5 31. h4 Rc2 32. h5 Qc3 33. Ba3 Qxa3 34. h6
Rc1 35. Bf1 Qe7 36. hxg7 Rxg7 37. Qh6 Rxf1 0-1

[Event "4NCL/Div3/SLOS3 vs. HKF2"]
[Site "Birmingham ENG"]
[Date "2006.03.05"]
[Round "8.8"]
[White "Parmar, Amisha"]
[Black "Ignacz, Rosza"]
[Result "1/2-1/2"]
[WhiteElo "1956"]
[BlackElo "1956"]
[PlyCount "126"]
[EventDate "2006.03.05"]
[EventType "team"]
[EventRounds "11"]
[EventCountry "ENG"]
[SourceDate "2005.10.25"]

1. e4 c6 2. d4 d5 3. Nc3 dxe4 4. Nxe4 Bf5 5. Ng3 Bg6 6. h4 h6 7. h5 Bh7 8. Nf3
Nd7 9. Bd3 Bxd3 10. Qxd3 e6 11. Bd2 Qc7 12. O-O-O Ngf6 13. Ne4 Nxe4 14. Qxe4
Nf6 15. Qe2 Be7 16. Ne5 O-O 17. g4 Nh7 18. Rdg1 c5 19. dxc5 Rad8 20. g5 Nxg5
21. f4 Rd5 22. Bc3 Bf6 23. fxg5 Bxe5 24. gxh6 Bxc3 25. bxc3 Qf4+ 26. Kb1 Qxh6
27. Rg2 Rg5 28. Rxg5 Qxg5 29. h6 gxh6 30. Qf2 Kh7 31. Rg1 Qe5 32. Kb2 Qf5 33.
Qg3 Qf6 34. Qd3+ Kh8 35. Qg3 {=} Rc8 36. Kb3 e5 37. Qg2 e4 38. Qxe4 b6 39. Qg4
Rb8 40. c6 Qe6+ 41. Qxe6 fxe6 42. Rg6 Re8 43. c7 Rc8 44. Rxh6+ Kg7 45. Rxe6
Rxc7 46. Kb4 Kf7 47. Re4 a5+ 48. Kb3 Rc5 49. Rc4 Rb5+ 50. Ka3 Ke6 51. Rd4 Ke5
52. Rd3 Rb1 53. Rd8 Ke6 {=} 54. c4 Rb4 55. Rd4 Ke5 56. c3 Rb1 57. Rd5+ Ke4 58.
Rb5 Rh1 59. Rxb6 Kd3 60. c5 Kxc3 61. c6 Rh5 62. c7 Rc5 63. Rb7 Rc4 1/2-1/2

[Event "4NCL/Div3/MIN vs. SLOS2"]
[Site "Birmingham ENG"]
[Date "2006.03.05"]
[Round "8.2"]
[White "Rees, Ioan"]
[Black "McFarland, Robert S"]
[Result "1/2-1/2"]
[WhiteElo "2241"]
[BlackElo "2257"]
[PlyCount "63"]
[EventDate "2006.03.05"]
[EventType "team"]
[EventRounds "11"]
[EventCountry "ENG"]
[SourceDate "2005.10.25"]

1. d4 g6 2. c4 Bg7 3. Nf3 d6 4. Nc3 Nf6 5. e4 O-O 6. Be2 e5 7. O-O Nc6 8. d5
Ne7 9. b4 a5 10. Ba3 axb4 11. Bxb4 b6 12. a4 Ne8 13. a5 c5 14. dxc6 Nxc6 15.
Ba3 bxa5 16. Nb5 Be6 17. Nxd6 Nb4 18. Nb5 f5 19. Bxb4 axb4 20. Ng5 Bf7 21. c5
Kh8 22. Qxd8 Rxd8 23. Ra7 Bg8 24. exf5 gxf5 25. Bh5 Rd5 26. Bxe8 Rxe8 27. Nc7
Re7 28. Nxd5 Rxa7 29. Nxb4 Rc7 {=} 30. Rc1 Bf8 31. Na6 Rc6 32. Nb8 1/2-1/2

[Event "4NCL/Div3/MIN vs. SLOS2"]
[Site "Birmingham ENG"]
[Date "2006.03.05"]
[Round "8.3"]
[White "Richards, Heather"]
[Black "Tweedie, Steven"]
[Result "0-1"]
[WhiteElo "2235"]
[BlackElo "2228"]
[PlyCount "62"]
[EventDate "2006.03.05"]
[EventType "team"]
[EventRounds "11"]
[EventCountry "ENG"]
[SourceDate "2005.10.25"]

1. e4 e5 2. Nc3 Nf6 3. g3 d5 4. exd5 Nxd5 5. Bg2 Nxc3 6. bxc3 Bc5 7. Ne2 Nc6 8.
Rb1 O-O 9. O-O Bb6 10. h3 Be6 11. a3 Bd5 12. d3 Bxg2 13. Kxg2 Qd5+ 14. Kh2 Qf3
15. Qe1 f5 16. Ng1 Qd5 17. f4 Rae8 18. Qd1 e4 19. Bb2 exd3 20. cxd3 Re3 21. Rf3
Rfe8 22. c4 Qd6 23. Qd2 Rxf3 24. Nxf3 Re3 25. Ne1 Qe7 26. Ng2 Re2 27. Qd1 Qe3
28. Qf1 Rf2 29. Qd1 Rd2 30. Qh5 g6 31. Qh6 Rxb2 0-1

[Event "4NCL/Div3/MIN vs. SLOS2"]
[Site "Birmingham ENG"]
[Date "2006.03.05"]
[Round "8.4"]
[White "Williams, Samuel G"]
[Black "Almond, Richard"]
[Result "1-0"]
[WhiteElo "2227"]
[BlackElo "2073"]
[PlyCount "57"]
[EventDate "2006.03.05"]
[EventType "team"]
[EventRounds "11"]
[EventCountry "ENG"]
[SourceDate "2005.10.25"]

1. d4 d5 2. c4 e6 3. Nc3 Nf6 4. cxd5 exd5 5. Bg5 Be7 6. e3 O-O 7. Bd3 Nbd7 8.
Nge2 Re8 9. O-O Nf8 10. Qc2 c6 11. f3 Be6 12. e4 N6d7 13. Be3 Rc8 14. e5 c5 15.
f4 Nb6 16. dxc5 Bxc5 17. Nd4 Nc4 18. Bf2 a6 19. Rae1 Bb4 20. f5 Bd7 21. e6 fxe6
22. fxe6 Bb5 23. Nf5 Rxe6 24. Bd4 Bc5 25. Rxe6 Nxe6 26. Nh6+ Kh8 27. Nf7+ Kg8
28. Bxh7+ Kf8 29. Nxd8+ 1-0

[Event "4NCL/Div3/MIN vs. SLOS2"]
[Site "Birmingham ENG"]
[Date "2006.03.05"]
[Round "8.5"]
[White "Hardman, Michael J"]
[Black "Rudolf, Anna"]
[Result "1-0"]
[WhiteElo "2138"]
[BlackElo "2202"]
[PlyCount "109"]
[EventDate "2006.03.05"]
[EventType "team"]
[EventRounds "11"]
[EventCountry "ENG"]
[SourceDate "2005.10.25"]

1. d4 e6 2. Nf3 b6 3. g3 Bb7 4. Bg2 c5 5. c3 Nf6 6. O-O Be7 7. Nbd2 O-O 8. dxc5
bxc5 9. Nc4 d6 10. Bg5 Qc7 11. Re1 Rd8 12. Bxf6 Bxf6 13. e4 Nc6 14. Ne3 g6 15.
Qe2 Bg7 16. h4 Rab8 17. h5 Na5 18. hxg6 hxg6 19. Ng5 Bc6 20. Rab1 Rb6 21. Qg4 {
=} Bb5 22. Bh3 Nc4 23. Nxe6 fxe6 24. Qxg6 Ne5 25. Bxe6+ Kf8 26. Qf5+ Ke8 27.
Nd5 Qb7 28. Nxb6 axb6 29. Bd5 Qe7 30. Kg2 Qf6 31. Qxf6 Bxf6 32. f4 Nd3 33. Rh1
c4 34. Rh7 Rd7 35. Rxd7 Kxd7 36. Kf3 Ba6 37. g4 b5 38. g5 Bg7 39. Rh1 Ke7 40.
f5 Nxb2 41. f6+ Bxf6 42. gxf6+ Kxf6 43. Rh6+ Ke7 44. Re6+ Kd7 45. e5 Bc8 46.
Rxd6+ Ke7 47. Ke4 Nd3 48. Rb6 Bd7 49. Kd4 Nf4 50. Rb7 Kd8 51. Kc5 b4 52. Rxb4
Nd3+ 53. Kxc4 Nxb4 54. cxb4 Kc7 55. Kc5 1-0

[Event "4NCL/Div3/MIN vs. SLOS2"]
[Site "Birmingham ENG"]
[Date "2006.03.05"]
[Round "8.6"]
[White "Szczerbak, Jaroslaw"]
[Black "Ackley, Peter"]
[Result "1-0"]
[WhiteElo "2137"]
[BlackElo "2030"]
[PlyCount "71"]
[EventDate "2006.03.05"]
[EventType "team"]
[EventRounds "11"]
[EventCountry "ENG"]
[SourceDate "2005.10.25"]

1. e4 e6 2. d4 d5 3. Nd2 Be7 4. Ngf3 Nf6 5. e5 Nfd7 6. c3 c5 7. Bd3 Nc6 8. Bc2
a5 9. Nf1 cxd4 10. cxd4 b5 11. Ng3 Qb6 12. Nh5 g6 13. Ng3 Ba6 14. O-O b4 15.
Re1 h6 16. Be3 Qb7 17. h4 Nb6 18. b3 Kd7 19. Qd2 h5 20. Bg5 Bf8 {=} 21. Qf4 Rh7
22. Nxh5 Rxh5 23. Qxf7+ Be7 24. Bxg6 Rhh8 25. Bxe7 Nxe7 26. Ng5 Nbc8 27. Rac1
Qb6 28. Nxe6 Ra7 29. Bf5 Bb7 30. Rc7+ Qxc7 31. Nxc7+ Kxc7 32. Bxc8 Bxc8 33.
Qxe7+ Kb8 34. Qd6+ Ka8 35. Qxd5+ Bb7 36. Qb5 1-0

[Event "4NCL/Div3/MIN vs. SLOS2"]
[Site "Birmingham ENG"]
[Date "2006.03.05"]
[Round "8.7"]
[White "Kelly, Paul J"]
[Black "de Coverly, Roger"]
[Result "1/2-1/2"]
[WhiteElo "1945"]
[BlackElo "2083"]
[PlyCount "150"]
[EventDate "2006.03.05"]
[EventType "team"]
[EventRounds "11"]
[EventCountry "ENG"]
[SourceDate "2005.10.25"]

1. d4 Nf6 2. c3 e6 3. Bg5 c5 4. e3 b6 5. Nd2 Bb7 6. Ngf3 Be7 7. Be2 h6 8. Bh4
a6 9. Rc1 d6 10. O-O Nbd7 11. Re1 O-O 12. h3 Rc8 13. Bd3 b5 14. Bb1 Re8 15. Qc2
cxd4 16. exd4 Nf8 17. Qd3 d5 18. Ne5 Ne4 19. Bxe7 Qxe7 20. Qe2 f6 21. Nef3 f5
22. Ne5 Nd7 23. Nxd7 Qxd7 24. Nf3 Qd6 25. a3 Qb6 26. Ne5 a5 27. f3 Nf6 28. Qd2
Rc7 29. Rcd1 Bc8 30. Kh2 Qd6 31. Kh1 Rb7 32. g4 b4 33. axb4 axb4 34. g5 bxc3
35. bxc3 hxg5 36. Qxg5 Qe7 37. Rd2 Rc7 38. Rc1 Nd7 39. Qxe7 Rxe7 40. Ng6 Re8
41. Re2 Kf7 42. Nf4 g5 43. Nd3 Ba6 44. Ne5+ Nxe5 45. Rxe5 Rb8 46. Bxf5 exf5 47.
Rxf5+ Ke6 48. Rxg5 Bc4 49. h4 Rh7 50. Re1+ Kd7 51. Kg2 Rb3 52. h5 Rxc3 53. Ra1
Rc2+ 54. Kg3 Ba2 55. f4 Kc6 56. f5 Re7 57. h6 Re3+ 58. Kg4 Rg2+ 59. Kh5 Rh2+
60. Kg6 Reh3 61. Kg7 Rxh6 62. Rg6+ Rxg6+ 63. fxg6 Bc4 64. Kg8 Bd3 65. g7 Bh7+
66. Kf7 Rf2+ 67. Ke7 Bg8 68. Rc1+ Kb5 69. Kd6 Rg2 70. Rc7 Rg6+ 71. Ke5 Re6+ 72.
Kf5 Re4 73. Rc5+ Kb4 74. Rxd5 Bxd5 75. g8=Q Bxg8 1/2-1/2

[Event "4NCL/Div3/HKFC vs. SWD2"]
[Site "Birmingham ENG"]
[Date "2006.03.05"]
[Round "8.1"]
[White "Fowler, Simon"]
[Black "Spice, Alan"]
[Result "1/2-1/2"]
[WhiteElo "2202"]
[BlackElo "2216"]
[PlyCount "105"]
[EventDate "2006.03.05"]
[EventType "team"]
[EventRounds "11"]
[EventCountry "ENG"]
[SourceDate "2005.10.25"]

1. e4 e6 2. d4 d5 3. Nd2 Nc6 4. Ngf3 Nf6 5. e5 Nd7 6. Be2 Be7 7. Nf1 Ncb8 8.
Ne3 c5 9. c3 Nc6 10. O-O cxd4 11. cxd4 Nb6 12. Ne1 Bd7 13. f4 g6 14. Nf3 a5 15.
a4 Nb4 16. b3 Nc8 17. g4 Na7 18. g5 Rc8 19. Ng4 Qc7 20. Nf6+ Bxf6 21. gxf6 Qc2
22. Qxc2 Rxc2 23. Bd2 O-O 24. Bd1 Rc7 25. Bxb4 axb4 26. Ne1 Rc3 27. Rf2 Nc6 28.
Rd2 Rc8 29. Kg2 b6 30. Rb1 Rc7 31. Nc2 Kf8 32. Rb2 Ke8 33. h4 h5 34. Kg1 Kd8
35. Kg2 Kc8 36. Bf3 Kb7 37. f5 gxf5 38. Bxh5 Bc8 39. Bf3 Rd7 40. h5 Rd8 41. Rd1
Kc7 42. Kf2 Rg8 43. h6 Rh8 44. Rh1 Ba6 45. Be2 Bxe2 46. Kxe2 Kd7 47. h7 Rg3 48.
Kf2 Rc3 49. Rh4 Rd3 50. Ke2 Rg3 51. Rb1 Rg2+ 52. Kd3 Rg3+ 53. Ke2 1/2-1/2

[Event "4NCL/Div3/HKFC vs. SWD2"]
[Site "Birmingham ENG"]
[Date "2006.03.05"]
[Round "8.2"]
[White "Trevelyan, John"]
[Black "Tavoularis, Nicholas"]
[Result "1/2-1/2"]
[WhiteElo "2190"]
[BlackElo "2182"]
[PlyCount "139"]
[EventDate "2006.03.05"]
[EventType "team"]
[EventRounds "11"]
[EventCountry "ENG"]
[SourceDate "2005.10.25"]

1. d4 f5 2. g3 Nf6 3. Bg2 g6 4. c4 d6 5. Nc3 Bg7 6. f4 Nbd7 7. Nf3 c6 8. O-O
O-O 9. b3 Re8 10. Qd3 e5 11. dxe5 dxe5 12. Nxe5 Nxe5 13. Qxd8 Rxd8 14. fxe5 Ng4
15. Bf4 Nxe5 16. Rad1 {=} Re8 17. Rc1 Be6 18. Rfd1 Rad8 19. Rxd8 Rxd8 20. Rd1
Re8 21. Na4 Bc8 22. Nc5 Nf7 23. Kf1 Be5 24. Bxe5 Nxe5 25. h3 Kf7 26. Nd3 Kf6
27. Nxe5 Kxe5 28. e3 Be6 29. Kf2 a5 30. c5 Ra8 31. Rd4 g5 32. Ra4 Bd5 33. Bf1
Be4 34. b4 Bc2 35. Rxa5 Rxa5 36. bxa5 Kd5 37. a6 bxa6 38. Bxa6 Kxc5 39. Ke1 Kb4
40. Kd2 Be4 41. h4 h6 42. Bc8 c5 43. Be6 c4 44. hxg5 hxg5 45. Bf7 Bd3 46. Be6
Bb1 47. a3+ Kb3 48. Bf7 Bd3 49. Kc1 Kxa3 50. Be6 c3 51. Bd7 Kb4 52. Bc8 Kc5 53.
Bb7 Kd6 54. Bf3 Ke5 55. Bg2 g4 56. Bc6 Kd6 57. Bb7 Kc5 58. Bc8 Be4 59. Ba6 Kb4
60. Bc8 Kb5 61. Be6 Kc5 62. Bc8 Bd3 63. Bb7 f4 64. exf4 Bf5 65. Ba6 Kd4 66. Be2
Ke3 67. Bd1 Bd7 68. Bc2 Kf2 69. Bd1 Kxg3 70. Bxg4 1/2-1/2

[Event "4NCL/Div3/HKFC vs. SWD2"]
[Site "Birmingham ENG"]
[Date "2006.03.05"]
[Round "8.3"]
[White "Hagesaether, Arne"]
[Black "Powell, Lloyd"]
[Result "1-0"]
[WhiteElo "2182"]
[BlackElo "2184"]
[PlyCount "37"]
[EventDate "2006.03.05"]
[EventType "team"]
[EventRounds "11"]
[EventCountry "ENG"]
[SourceDate "2005.10.25"]

1. e4 c5 2. Nf3 d6 3. d4 cxd4 4. Nxd4 Nf6 5. Nc3 e6 6. g4 h6 7. Be3 Nc6 8. Rg1
Be7 9. Be2 Bd7 10. h4 Nxd4 11. Qxd4 Bc6 12. O-O-O Qa5 13. g5 hxg5 14. hxg5 Nh5
15. Bxh5 Rxh5 16. Qxg7 Qe5 17. Qg8+ Bf8 18. g6 fxg6 19. Qxg6+ 1-0

[Event "4NCL/Div3/HKFC vs. SWD2"]
[Site "Birmingham ENG"]
[Date "2006.03.05"]
[Round "8.4"]
[White "Brown, Alan M"]
[Black "Forman, Karl L"]
[Result "1-0"]
[WhiteElo "2121"]
[BlackElo "2026"]
[PlyCount "76"]
[EventDate "2006.03.05"]
[EventType "team"]
[EventRounds "11"]
[EventCountry "ENG"]
[SourceDate "2005.10.25"]

1. d4 Nf6 2. c4 g6 3. Nc3 d5 4. Bf4 Bg7 5. e3 O-O 6. Nf3 c5 7. Be2 Nc6 8. Ne5
Qb6 9. O-O cxd4 10. Na4 Qa5 11. Nxc6 bxc6 12. exd4 dxc4 13. Bxc4 Nh5 14. Bd2
Qf5 15. Bc3 Rd8 16. Qe1 Bf6 17. Rd1 Nf4 18. f3 Qc2 19. Qd2 Bf5 20. Qxf4 Qxa4
21. Bb3 Qb5 22. Rfe1 a5 23. g4 Be6 24. Bxe6 fxe6 25. Rxe6 Rf8 26. Qe4 Rac8 27.
f4 g5 28. Rxe7 Bxe7 29. Qe6+ Kg7 30. Qxe7+ Rf7 31. d5+ Kg8 32. Qe5 Kf8 33. Qh8+
Ke7 34. Qxc8 Rxf4 35. Re1+ Kd6 36. Re6+ Kxd5 37. Re5+ Kc4 38. Rxb5 Kxb5 1-0

[Event "4NCL/Div3/HKFC vs. SWD2"]
[Site "Birmingham ENG"]
[Date "2006.03.05"]
[Round "8.5"]
[White "Goodwin, Ed"]
[Black "Burton, Graham P"]
[Result "0-1"]
[WhiteElo "2005"]
[BlackElo "2130"]
[PlyCount "96"]
[EventDate "2006.03.05"]
[EventType "team"]
[EventRounds "11"]
[EventCountry "ENG"]
[SourceDate "2005.10.25"]

1. c4 e5 2. g3 Nc6 3. Bg2 g6 4. Nc3 Bg7 5. e4 d6 6. Nge2 Nd4 7. Nxd4 exd4 8.
Ne2 Ne7 9. d3 O-O 10. O-O Nc6 11. f4 f5 12. Rb1 a5 13. b3 Ne7 14. Ba3 c5 15.
Qd2 Qc7 16. Rbe1 fxe4 17. dxe4 Bd7 18. Nc1 Bc6 19. Nd3 Rae8 20. Bc1 Kh8 21. Kh1
b6 22. Re2 Qb7 23. Rfe1 Ng8 24. h3 Nf6 25. e5 Bxg2+ 26. Rxg2 Ne4 27. Qc2 Nxg3+
28. Kh2 Nf5 29. exd6 Rxe1 30. Nxe1 Nxd6 31. Nd3 Nf5 32. Qe2 Qd7 33. Ne5 Qe7 34.
Qe4 Re8 35. Re2 Bxe5 36. fxe5 Qh4 37. Qf3 Qe7 38. Bf4 Rd8 39. Rd2 Qe6 40. Qe4
Rd7 41. Bg5 h6 42. Qa8+ Kh7 43. Bf6 Ng7 44. Rd3 Ne8 45. Qc8 Nxf6 46. exf6 Qe2+
47. Kh1 Rf7 48. Rg3 Qf1+ 0-1